Statistics for Gifts and Fruits of the Holy Spirit

Click here to take the quiz!

General Stats

  • This quiz has been taken 34 times
  • The average score is 9 of 19

Answer Stats

HintAnswer% Correct
GiftsWisdom
91%
GiftsKnowledge
82%
GiftsPiety
73%
GiftsCounsel
64%
GiftsFortitude
64%
GiftsUnderstanding
64%
FruitsPeace
55%
FruitsJoy
45%
FruitsKindness
45%
FruitsPatience
45%
FruitsCharity
36%
FruitsFaithfulness
36%
FruitsGoodness
36%
FruitsSelf-Control
36%
FruitsGentleness
27%
FruitsModesty
27%
FruitsChastity
18%
FruitsGenerosity
18%
GiftsWonder and Awe
18%

Score Distribution

Percentile by Number Answered

Percent of People with Each Score

Your Score History

You have not taken this quiz